Contribución al conocimiento histológico de las medusas. (Record no. 174352)

MARC details
000 -LEADER
campo de control de longitud fija 00994namaa2200217 i 4500
001 - NÚMERO DE CONTROL
campo de control 174352
003 - IDENTIFICADOR DE NÚMERO DE CONTROL
campo de control ES-MaACL
005 - FECHA Y HORA DE LA ÚLTIMA TRANSACCIÓN
campo de control 20250815105711.0
008 - DATOS DE LONGITUD FIJA--INFORMACIÓN GENERAL
campo de control de longitud fija 100406s1923 sp | |||| ||spa d
080 ## - NÚMERO DE LA CLASIFICACIÓN DECIMAL UNIVERSAL
Número de la Clasificación Decimal Universal 593.3:591.86/.87
100 1# - ENTRADA PRINCIPAL--NOMBRE DE PERSONA
Nombre de persona Alvarado, Salustio.
9 (RLIN) 20597
245 10 - MENCIÓN DEL TÍTULO
Título Contribución al conocimiento histológico de las medusas.
Número de parte o sección de la obra I,
Nombre de parte o sección de la obra Los epitelios y la musculatura /
Mención de responsabilidad, etc. por Salustio Alvarado.
260 ## - PUBLICACIÓN, DISTRIBUCIÓN, ETC.
Lugar de publicación, distribución, etc. Madrid :
Nombre del editor, distribuidor, etc. Junta para Ampliación de Estudios e Investigaciones Científicas,
Fecha de publicación, distribución, etc. 1923 (
Fabricante Talleres Poligráficos)
300 ## - DESCRIPCIÓN FÍSICA
Extensión 96 p., XII h. de lám. ;
Dimensiones 23 cm.
490 1# - MENCIÓN DE SERIE
Mención de serie Trabajos del Museo Nacional de Ciencias Naturales. Serie zoológica ;
Designación de volumen o secuencia 47
650 #4 - PUNTO DE ACCESO ADICIONAL DE MATERIA--TÉRMINO DE MATERIA
Término de materia o nombre geográfico como elemento de entrada Celentéreos-
Subdivisión general Histología.
9 (RLIN) 142458
710 2# - ENTRADA AGREGADA--NOMBRE DE ENTIDAD CORPORATIVA
Nombre de entidad corporativa o nombre de jurisdicción como elemento de entrada Junta para la Ampliación de Estudios e Investigaciones Científicas.
9 (RLIN) 5413
830 00 - PUNTO DE ACCESO ADICIONAL DE SERIE-TÍTULO UNIFORME
Título uniforme Trabajos del Museo Nacional de Ciencias Naturales.
Nombre de parte o sección de la obra Serie zoológica
Designación de volumen o secuencia 47
9 (RLIN) 189348
852 ## - LOCALIZACIÓN
Ubicación ES-MaACL
Número de control de estantería B-13153(2)
Nota libre .- Rúst.
Holdings
Estatus retirado Estado de pérdida Estado de daño No para préstamo Biblioteca de origen Biblioteca actual Ubicación en estantería Fecha de adquisición Fuente de adquisición Total de préstamos Signatura topográfica completa Código de barras Visto por última vez Precio de reemplazo Tipo de ítem Koha
        Biblioteca del Ateneo de Madrid Biblioteca del Ateneo de Madrid Sala Pardo Bazán 06/04/2010     B-13153(2) 1183008 23/02/2023 23/02/2023 Libro impreso